SHOBHANAMAYA BHAVI (Record no. 4870)
[ view plain ]
| 000 -LEADER | |
|---|---|
| fixed length control field | 00298nam a22001337a 4500 |
| 082 ## - DEWEY DECIMAL CLASSIFICATION NUMBER | |
| Classification number | 894.812.3 |
| Item number | DIC/S |
| 100 ## - MAIN ENTRY--AUTHOR NAME | |
| Personal name | DICKENS, CHARLES |
| 245 ## - TITLE STATEMENT | |
| Title | SHOBHANAMAYA BHAVI |
| 260 ## - PUBLICATION, DISTRIBUTION, ETC. (IMPRINT) | |
| Place of publication | KUNNAMKULAM |
| Name of publisher | RED ROSE PUBLISHING HOUSE |
| Year of publication | 2009 |
| 300 ## - PHYSICAL DESCRIPTION | |
| Number of Pages | 176 |
| 520 ## - SUMMARY, ETC. | |
| Summary, etc | NOVEL |
| 650 ## - SUBJECT ADDED ENTRY--TOPICAL TERM | |
| Topical Term | NOVEL |
| 942 ## - ADDED ENTRY ELEMENTS (KOHA) | |
| Koha item type | Books |
| Withdrawn status | Lost status | Collection code | Home library | Current library | Shelving location | Date acquired | Source of acquisition | Cost, normal purchase price | Full call number | Accession Number | Koha item type |
|---|---|---|---|---|---|---|---|---|---|---|---|
| Fiction | Main Library | Main Library | SHELF-16- I- MALAYALAM NOVELS,FICTIONS | 25/04/2013 | Purchase | 45.00 | 894.812.3 DIC/S | 07165 | Books |